000 00505nam a22001817a 4500
003 OSt
005 20250708061935.0
008 250708b |||||||| |||| 00| 0 eng d
020 _a0809428725
040 _aDWCL - Main lib
_cOC
082 _aCirc. 641.86 C583 1980
245 _aClassic desserts/
260 _aVirginia :
_bTime-Life Books,
_cc1980.
300 _a176 pages :
_b illustrations (color) ;
_c 28 cm.
504 _aIncludes index.
650 _a1. Desserts.
942 _2ddc
_cBK-CIRC
_kCirc.
_n0
999 _c3462
_d3462